LIBRARY & INFORMATION CENTRE, KCAET, TAVANUR

ONLINE PUBLIC ACCESS CATALOGUE (OPAC)

Advanced reinforced concrete design / (Record no. 13203)

MARC details
000 -LEADER
fixed length control field 00411cam a2200157ua 4500
003 - CONTROL NUMBER IDENTIFIER
control field OSt
008 - FIXED-LENGTH DATA ELEMENTS--GENERAL INFORMATION
fixed length control field 250627b |||||||| |||| 00| 0 eng d
020 ## - INTERNATIONAL STANDARD BOOK NUMBER
ISBN 9788120327870
082 ## - DEWEY DECIMAL CLASSIFICATION NUMBER
Classification number 624.1834
Item number VAR/AD
100 ## - MAIN ENTRY--AUTHOR NAME
Personal name Varghese, P.C .
245 ## - TITLE STATEMENT
Title Advanced reinforced concrete design /
250 ## - EDITION STATEMENT
Edition statement 2 /
260 ## - PUBLICATION, DISTRIBUTION, ETC. (IMPRINT)
Place of publication New Delhi :
Name of publisher Prentice Hall of India Pvt Ltd. ,
Year of publication 2012
300 ## - PHYSICAL DESCRIPTION
Number of Pages 534
942 ## - ADDED ENTRY ELEMENTS (KOHA)
Koha item type Books
Holdings
Withdrawn status Lost status Damaged status Home library Current library Date acquired Full call number Accession Number Koha item type Collection code Shelving location Source of acquisition Cost, normal purchase price
      KAUAET KAUAET 07/04/2012 624.1834 VAR/AD 21867 Books        
      KAUAET KAUAET 07/04/2012 624.1834 VAR/AD 21780 Books        
      KAUAET KAUAET 30/03/2013 624.1834 VAR/AD 23998 Books Non-fiction General Stacks Aman Book Stall, Calicut 395.00
      KAUAET KAUAET 16/06/2016 624.1834 VAR/AD 24630 Books   General Stacks Aman Book Stall Calicut 395.00
free website counter